| 000 | 01318nam a2200409 i 4500 | ||
|---|---|---|---|
| 001 | 5732 | ||
| 003 | KOSZ 005 | ||
| 005 | 20220622130727.0 | ||
| 008 | 970510s1992 pl f |000 0 pol | ||
| 015 | _aPB 1994/3440 | ||
| 020 | _a9283111427 | ||
| 035 | _a991000455449705066 | ||
| 035 | _a(PL-WaBN)b10164510-48omnis_nlop | ||
| 035 | _ab10164510 | ||
| 035 | _a(OCoLC)749807317 | ||
| 035 | _a(PL)b0000001016451 | ||
| 035 | _a(EXLNZ-48OMNIS_NETWORK)9910258537005606 | ||
| 040 |
_aWA N _cWA N _dKOSZ 005/EC |
||
| 041 | 1 |
_apol _heng |
|
| 046 | _k1992 | ||
| 080 | _a339.13 | ||
| 100 | 1 |
_aHamilton, Jack. _eOpracowanie |
|
| 245 | 1 | 0 |
_aCo to jest badanie rynku ? / _cprzygot. Jack Hamilton ; [przetł. z ang.]. |
| 260 |
_aWarszawa : _bWydawnictwo Prawnicze : Polskie Biuro Badań Marketingowych, _c1992 _e(Warsz. : _f"Uwipal"). |
||
| 300 |
_a70, [2] s. ; _c21 cm. |
||
| 380 | _aKsiążki | ||
| 388 | _a1901-2000 | ||
| 388 | _a1989-2000 | ||
| 650 | 4 | _aBadania marketingowe | |
| 650 | 4 | _aMetody | |
| 658 | _aZarządzanie i marketing | ||
| 650 | 4 | _aRynek (ekonomia) | |
| 710 | 2 |
_aWydawnictwo Prawnicze _4pbl. |
|
| 856 |
_uhttp://koha.tu.koszalin.pl/cgi-bin/koha/opac-detail.pl?biblionumber=5732 _yKatalog online BPK |
||
| 942 |
_2UKD _cKS |
||
| 999 |
_c5732 _d5732 |
||